| 000 -LEADER |
| fixed length control field |
02452cam a2200385 a 4500 |
| 001 - CONTROL NUMBER |
| control field |
16256309 |
| 003 - CONTROL NUMBER IDENTIFIER |
| control field |
OSt |
| 005 - DATE AND TIME OF LATEST TRANSACTION |
| control field |
20170105102900.0 |
| 008 - FIXED-LENGTH DATA ELEMENTS--GENERAL INFORMATION |
| fixed length control field |
100528s2011 enka b 001 0 eng |
| 010 ## - LIBRARY OF CONGRESS CONTROL NUMBER |
| LC control number |
2010022490 |
| 020 ## - INTERNATIONAL STANDARD BOOK NUMBER |
| International Standard Book Number |
9780415587976 (hardcover) |
| 020 ## - INTERNATIONAL STANDARD BOOK NUMBER |
| International Standard Book Number |
0415587972 (hardcover) |
| 020 ## - INTERNATIONAL STANDARD BOOK NUMBER |
| International Standard Book Number |
9780203837085 (ebook) |
| 020 ## - INTERNATIONAL STANDARD BOOK NUMBER |
| International Standard Book Number |
0203837088 (ebook) |
| 035 ## - SYSTEM CONTROL NUMBER |
| System control number |
(OCoLC)ocn526106653 |
| 040 ## - CATALOGING SOURCE |
| Original cataloging agency |
DLC |
| Transcribing agency |
DLC |
| Modifying agency |
YDX |
| -- |
BTCTA |
| -- |
YDXCP |
| -- |
GUL |
| -- |
CDX |
| -- |
PMC |
| -- |
DLC |
| 042 ## - AUTHENTICATION CODE |
| Authentication code |
pcc |
| 050 00 - LIBRARY OF CONGRESS CALL NUMBER |
| Classification number |
JZ5578 |
| Item number |
.W667 2011 |
| 082 00 - DEWEY DECIMAL CLASSIFICATION NUMBER |
| Classification number |
327.172082 |
| Edition number |
22 |
| Author Mark |
WOM 2011 |
| 245 00 - TITLE STATEMENT |
| Title |
Women, peace and security : |
| Remainder of title |
translating policy into practice / |
| Statement of responsibility, etc. |
edited by 'Funmi Olonisakin, Karen Barnes and Eka Ikpe. |
| 260 ## - PUBLICATION, DISTRIBUTION, ETC. |
| Place of publication, distribution, etc. |
Milton Park, Abingdon, Oxon [England] ; |
| -- |
New York : |
| Name of publisher, distributor, etc. |
Routledge, |
| Date of publication, distribution, etc. |
2011. |
| 300 ## - PHYSICAL DESCRIPTION |
| Extent |
xxv, 242 p. : |
| Other physical details |
ill. ; |
| Dimensions |
24 cm. |
| 490 1# - SERIES STATEMENT |
| Series statement |
Contemporary security studies |
| 504 ## - BIBLIOGRAPHY, ETC. NOTE |
| Bibliography, etc. note |
Includes bibliographical references and index. |
| 505 0# - FORMATTED CONTENTS NOTE |
| Formatted contents note |
The evolution and implementation of UNSCR 1325 : an overview / Karen Barnes -- Gendered violence and UNSCR 1325 in Kosovo : shifting paradigms on women, peace and security / Catherina H. Hall-Martin -- UNSCR 1325 implementation in Liberia : dilemmas and challenges / Emma Njoki Wamai -- Nepal and the implementation of UNSCR 1325 / Lesley Abdela -- Nigeria and the implementation of UNSCR 1325 / Eka Ikpe -- Rwanda and the implementation of UNSCR 1325 / Kiri-Ann E. Richardson Olney -- Lost in translation? UNAMSIL, UNSCR 1325 and women building peace in Sierra Leone / Karen Barnes -- The impact of UNSCR 1325 and peacekeeping operations in Sudan / Gihan Eltahir-Eltom -- Women and gender issues in peacebuilding : lessons learned from Timor-Leste / Sumie Nakaya -- The African Union and implementation of UNSCR 1325 / Bineta Diop -- The gender dimensions of the ECOWAS peace and security architecture : a regional perspective on UNSCR 1325 / Awa Ceesay-Ebo -- A look at UNSCR 1325 in SADC / Nyaradzo Machingambi-Pariola -- Turning policies into action? The European Union and the implementation of UNSCR 1325 / Karen Barnes. |
| 650 #0 - SUBJECT ADDED ENTRY--TOPICAL TERM |
| Topical term or geographic name entry element |
Women and peace. |
| 650 #0 - SUBJECT ADDED ENTRY--TOPICAL TERM |
| Topical term or geographic name entry element |
Women and war. |
| 700 1# - ADDED ENTRY--PERSONAL NAME |
| Personal name |
Olonisakin, ʼFunmi. |
| 700 1# - ADDED ENTRY--PERSONAL NAME |
| Personal name |
Barnes, Karen. |
| 700 1# - ADDED ENTRY--PERSONAL NAME |
| Personal name |
Ikpe, Eka. |
| 830 #0 - SERIES ADDED ENTRY--UNIFORM TITLE |
| Uniform title |
Contemporary security studies. |
| 906 ## - LOCAL DATA ELEMENT F, LDF (RLIN) |
| a |
7 |
| b |
cbc |
| c |
orignew |
| d |
1 |
| e |
ecip |
| f |
20 |
| g |
y-gencatlg |
| 942 ## - ADDED ENTRY ELEMENTS (KOHA) |
| Source of classification or shelving scheme |
|
| Koha item type |
Book |